000 00776nam a2200241 a 4500
008
020 _a0-8039-5820-X (pbk.)
049 _aMAIN
090 _aHM48.K9
_bKVA
100 1 _aKvale, Steinar.
245 1 0 _aInterviews : An introduction to qualitative reasarch intervieing /
_c Steinar Kvale.
246 _aAn introduction to qualitative research interviewing.
260 _aLondon, :
_bSage Publications,
_c1996.
300 _axvii, 326 p. :
_bill . ;
_c24 cm.
500 _aIncludes bibliographical references.
500 _aIncludes index.
650 _aQualitative research.
907 _a.b10251765
_b12-11-13
_c21-09-07
003
005 20230123134513.0
040 _cNUST
942 _cBOOKS
_kHM48.K9
_mKVA
999 _c167065
_d167065